声母w开头的中国县级行政区(点位地图版) - Statistics

General Stats
  • This quiz has been taken 18 times
    17 since last reset
  • The average score is 100 of 136
Answers on the Map
Answers color-coded by a green-red scale on the quiz's map according to % correct below.
 
Answer Stats
省级行政区 地级行政区 县级行政区 % Correct
河北省 邢台市 威县
100%
江苏省 常州市 武进区
100%
江苏省 苏州市 吴中区
100%
江苏省 苏州市 吴江区
100%
安徽省 芜湖市 无为市
100%
山东省 潍坊市 潍城区
100%
山东省 德州市 武城县
100%
河南省 焦作市 温县
100%
河南省 南阳市 卧龙区
100%
湖北省 武汉市 武昌区
100%
湖南省 常德市 武陵区
100%
湖南省 张家界市 武陵源区
100%
广东省 湛江市 吴川市
100%
海南省 (直辖) 五指山市
100%
海南省 (直辖) 文昌市
100%
海南省 (直辖) 万宁市
100%
四川省 阿坝藏族羌族自治州 汶川县
100%
云南省 文山壮族苗族自治州 文山市
100%
陕西省 西安市 未央区
100%
甘肃省 陇南市 文县
100%
浙江省 湖州市 吴兴区
92%
浙江省 金华市 婺城区
92%
浙江省 金华市 武义县
92%
浙江省 台州市 温岭市
92%
安徽省 芜湖市 湾沚区
92%
江西省 上饶市 婺源县
92%
山东省 济宁市 微山县
92%
湖南省 长沙市 望城区
92%
广东省 梅州市 五华县
92%
广西壮族自治区 南宁市 武鸣区
92%
重庆市 (直辖) 万州区
92%
重庆市 (直辖) 武隆区
92%
重庆市 (直辖) 巫山县
92%
重庆市 (直辖) 巫溪县
92%
四川省 成都市 武侯区
92%
贵州省 毕节市 威宁彝族回族苗族自治县
92%
云南省 昆明市 五华区
92%
青海省 海西蒙古族藏族自治州 乌兰县
92%
新疆维吾尔自治区 乌鲁木齐市 乌鲁木齐县
92%
天津市 (直辖) 武清区
83%
河北省 邯郸市 魏县
83%
山西省 吕梁市 文水县
83%
辽宁省 大连市 瓦房店市
83%
黑龙江省 哈尔滨市 五常市
83%
安徽省 蚌埠市 五河县
83%
福建省 南平市 武夷山市
83%
福建省 龙岩市 武平县
83%
山东省 日照市 五莲县
83%
河南省 南阳市 宛城区
83%
湖南省 邵阳市 武冈市
83%
广东省 韶关市 武江区
83%
四川省 成都市 温江区
83%
四川省 达州市 万源市
83%
陕西省 咸阳市 渭城区
83%
甘肃省 定西市 渭源县
83%
新疆维吾尔自治区 克拉玛依市 乌尔禾区
83%
新疆维吾尔自治区 (直辖) 五家渠市
83%
河北省 廊坊市 文安县
75%
山西省 太原市 万柏林区
75%
内蒙古自治区 兴安盟 乌兰浩特市
75%
辽宁省 抚顺市 望花区
75%
浙江省 温州市 文成县
75%
江西省 九江市 武宁县
75%
山东省 济宁市 汶上县
75%
山东省 威海市 文登区
75%
河南省 平顶山市 舞钢市
75%
河南省 新乡市 卫滨区
75%
河南省 许昌市 魏都区
75%
河南省 漯河市 舞阳县
75%
湖北省 黄冈市 武穴市
75%
四川省 内江市 威远县
75%
贵州省 遵义市 务川仡佬族苗族自治县
75%
云南省 迪庆藏族自治州 维西傈僳族自治县
75%
陕西省 宝鸡市 渭滨区
75%
新疆维吾尔自治区 阿克苏地区 乌什县
75%
新疆维吾尔自治区 克孜勒苏柯尔克孜自治州 乌恰县
75%
新疆维吾尔自治区 塔城地区 乌苏市
75%
河北省 邯郸市 武安市
67%
河北省 承德市 围场满族蒙古族自治县
67%
内蒙古自治区 呼和浩特市 武川县
67%
内蒙古自治区 巴彦淖尔市 五原县
67%
内蒙古自治区 巴彦淖尔市 乌拉特前旗
67%
内蒙古自治区 巴彦淖尔市 乌拉特中旗
67%
内蒙古自治区 巴彦淖尔市 乌拉特后旗
67%
安徽省 安庆市 望江县
67%
江西省 上饶市 万年县
67%
山东省 滨州市 无棣县
67%
河南省 平顶山市 卫东区
67%
河南省 新乡市 卫辉市
67%
湖北省 宜昌市 伍家岗区
67%
广东省 韶关市 翁源县
67%
贵州省 贵阳市 乌当区
67%
云南省 楚雄彝族自治州 武定县
67%
云南省 大理白族自治州 巍山彝族回族自治县
67%
陕西省 铜川市 王益区
67%
陕西省 延安市 吴起县
67%
新疆维吾尔自治区 阿克苏地区 温宿县
67%
河北省 沧州市 吴桥县
58%
山西省 运城市 万荣县
58%
山西省 忻州市 五台县
58%
内蒙古自治区 乌海市 乌达区
58%
内蒙古自治区 赤峰市 翁牛特旗
58%
内蒙古自治区 鄂尔多斯市 乌审旗
58%
吉林省 延边朝鲜族自治州 汪清县
58%
江西省 吉安市 万安县
58%
江西省 宜春市 万载县
58%
河南省 开封市 尉氏县
58%
湖北省 宜昌市 五峰土家族自治县
58%
四川省 广元市 旺苍县
58%
甘肃省 天水市 武山县
58%
甘肃省 陇南市 武都区
58%
新疆维吾尔自治区 博尔塔拉蒙古自治州 温泉县
58%
河北省 张家口市 万全区
50%
河北省 衡水市 武邑县
50%
山西省 长治市 武乡县
50%
山西省 运城市 闻喜县
50%
黑龙江省 伊春市 乌翠区
50%
黑龙江省 黑河市 五大连池市
50%
黑龙江省 绥化市 望奎县
50%
河南省 焦作市 武陟县
50%
广西壮族自治区 来宾市 武宣县
50%
四川省 乐山市 五通桥区
50%
贵州省 铜仁市 万山区
50%
贵州省 黔西南布依族苗族自治州 望谟县
50%
贵州省 黔南布依族苗族自治州 瓮安县
50%
陕西省 咸阳市 武功县
50%
陕西省 榆林市 吴堡县
50%
河北省 石家庄市 无极县
42%
河北省 衡水市 武强县
42%
河南省 安阳市 文峰区
42%
广西壮族自治区 梧州市 万秀区
42%
云南省 昭通市 威信县
42%
河北省 保定市 望都县
33%
山西省 忻州市 五寨县
33%
辽宁省 辽阳市 文圣区
33%
四川省 广安市 武胜县
33%
No matching quizzes found
Score Distribution
Percent of People with Each Score
Percentile by Number Answered
Your Score History
You have not taken this quiz since the last reset